<?xml version="1.0" encoding="UTF-8"?>
<marc:record xmlns:marc="http://www.loc.gov/MARC21/slim">
   <marc:leader>00000nam a2200000 a 4500</marc:leader>
   <marc:datafield ind1=" " ind2=" " tag="653">
      <marc:subfield code="a">Leseanfänger</marc:subfield>
   </marc:datafield>
   <marc:datafield ind1=" " ind2=" " tag="653">
      <marc:subfield code="a">Utopien, Science-Fiction (Erzählungen und Romane für Kinder)</marc:subfield>
   </marc:datafield>
   <marc:datafield ind1="0" ind2="0" tag="245">
      <marc:subfield code="a">Star Wars</marc:subfield>
   </marc:datafield>
   <marc:datafield ind1="0" ind2="0" tag="245">
      <marc:subfield code="b">Spüre die Macht und andere spannende Geschichten</marc:subfield>
   </marc:datafield>
   <marc:datafield ind1=" " ind2="1" tag="264">
      <marc:subfield code="b">Dorling Kindersley</marc:subfield>
      <marc:subfield code="c">2013</marc:subfield>
   </marc:datafield>
   <marc:datafield ind1="1" ind2=" " tag="490">
      <marc:subfield code="a">Star Wars</marc:subfield>
   </marc:datafield>
   <marc:datafield ind1="1" ind2=" " tag="520">
      <marc:subfield code="a">Die altersgerecht nacherzählten Geschichten sind sowohl zum Selber- als auch zum Vorlesen geeignet. Über 200 Original-Filmbilder, leicht verständliche Texte und eine große Schrift sind perfekt für Leseanfänger
Stock, Lisa: Der Kampf um Naboo
Hibbert, Clare: Klontruppen in Aktion
Harper, Benjamin: Spüre die Macht
Saunders, Catherine: Obi-Wan Kenobi, der Jedi-Ritter</marc:subfield>
   </marc:datafield>
   <marc:datafield ind1=" " ind2=" " tag="020">
      <marc:subfield code="a">9783831097838</marc:subfield>
      <marc:subfield code="9">9783831097838</marc:subfield>
   </marc:datafield>
</marc:record>
